000 00799nam0a22002651 4500
001 RU\NLR\INFOCOMM10\ROSSICA\1000009173
005 20250613184900.0
035 _a(NLR Aleph) 009876042
090 _a10448133
_c10448133
100 _a20030626d1686 |||y0rusy50 ca
101 0 _alat
102 _aRU
105 _ay ||||000ay
200 1 _aNaenia, quibus umbras Principis Alexandri Ducis Curlandiae, Livoniae, et Semgalliae placare voluit
_fLeonh. Weier
210 _aRegiomonti
_d1686
215 _dfol.
600 0 _aAlexandri
_cPrincipis, Ducis Curlandiae, Livoniae, et Semgalliae
_2PSBO
700 1 _aWeier
_bL.
_gLeonh.
_4070
801 1 _aRU
_bInfoComm
_c20030626
801 0 _aRU
_bNLR
_gPSBO
852 _aNLR
_j13.8.1.251
942 _cBOOK
980 _aNB
980 _aRossica